|
|
|
|
| LEADER |
00000naa2a2200000 4500 |
| 001 |
176517 |
| 005 |
20231031165326.0 |
| 035 |
|
|
|a (RuTPU)RU\TPU\book\191363
|
| 090 |
|
|
|a 176517
|
| 100 |
|
|
|a 20100301d2009 k y0rusy50 ca
|
| 101 |
0 |
|
|a rus
|
| 102 |
|
|
|a RU
|
| 200 |
1 |
|
|a Политическое лидерство
|f А. Е. Гундарев
|
| 320 |
|
|
|a Библиогр.: 4 назв.
|
| 463 |
|
0 |
|0 (RuTPU)RU\TPU\book\186924
|t Т. 3
|v С. 25-28
|d 2009
|p 286 с.
|
| 610 |
1 |
|
|a лидерство
|
| 610 |
1 |
|
|a политика
|
| 610 |
1 |
|
|a политические деятели
|
| 610 |
1 |
|
|a политика
|
| 610 |
1 |
|
|a теория
|
| 610 |
1 |
|
|a труды учёных ТПУ
|
| 700 |
|
1 |
|a Гундарев
|b А. Е.
|
| 801 |
|
1 |
|a RU
|b 63413507
|c 20100301
|
| 942 |
|
|
|c BK
|